Szczegóły MARC21

Mystik und Aufklärung : Studien zur Philosophie Walter Benjamin /

003 -Nazwa inst., której nr kontr. jest w polu 001 [,]
    • @
    • Nazwa instytucji, której n kontrolny jest w polu 001
    • NUKAT
005 -DATA I CZAS OSTATNIEJ MODYFIKACJI [,]
    • @
    • pole kontrolne
    • 20241231100956.0
020 -Międzynarod. znormalizowany nr książki - ISBN [ , ]
    • a
    • Numer ISBN
    • 3883777080 Find
040 -Instytucja sporządzająca opis [ , ]
    • a
    • Instytucja, która sporządziła opis (NP)
    • TOR U/MS
    • c
    • Instytucja, która sporządziła rekord (NP)
    • TOR U/MS
    • d
    • Instytucja, która zmodyfikowała rekord (P)
    • TOR U/MS
942 -Rodzaj dokumentu [ , ]
    • c
    • Rodzaj dokumentu
    • Książka
100 -Hasło główne - nazwa osobowa [1, ]
    • a
    • Nazwa osobowa (NP)
    • Tiedemann, Rolf.
    • 9
    • KHW
    • 345047
245 -Strefa tytułu i oznaczenia odpowiedzialności [1,0]
    • a
    • Tytuł
    • Mystik und Aufklärung : Find
    • b
    • Ciąg dalszy tytułu (NP)
    • Studien zur Philosophie Walter Benjamin / Find
    • c
    • Pozostałe elementy strefy tytułu i oznaczenia odpowiedzialności (NP)
    • Rolf Tiedemann ; mit einem Vorr. von Theodor W. Adorno und sechs Corollarien.
246 -Wariant tytułu [3,0]
    • a
    • Tytuł (NP)
    • Studien zur Philosophie Walter Benjamin
260 -Strefa adresu wydawniczego [ , ]
    • a
    • Miejsce wydania (P)
    • München :
    • b
    • Nazwa wydawcy (P)
    • Edition Text + Kritik,
    • c
    • Data wydania (P)
    • 2002.
300 -Strefa opisu fizycznego [ , ]
    • a
    • Określenie formy książki i/lub objętość (NP)
    • 315 s. ;
    • c
    • Format (NP)
    • 20 cm.
336 -Typ zawartości [ , ]
    • a
    • Termin opisujący typ zawartości
    • Tekst
    • b
    • Kod określający zawartość
    • txt
    • 2
    • Źródło (terminu i kodu)
    • rdacontent
337 -Typ mediów [ , ]
    • a
    • Tryb odtwarzania
    • Bez urządzenia pośredniczącego
    • b
    • Kod typu mediów
    • n
    • 2
    • Źródło (terminu i kodu)
    • rdamedia
338 -Typ/rodzaj nośnika [ , ]
    • a
    • Hasło opisujące typ nośnika
    • Wolumin
    • b
    • Kod typu nośnika
    • nc
    • 2
    • Źródło (terminu i kodu)
    • rdacarrier
490 -Strefa serii i książki wielotomowej - forma nie do wyszukiwania [1, ]
    • a
    • Tytuł (P)
    • Dialektische Studien Find
830 -Hasło dodatkowe serii i opisu książki wielotomowej - tytuł ujednolicony/tytuł [ ,0]
    • a
    • Tytuł ujednolicony/tytuł (NP)
    • Dialektische Studien
    • 9
    • KHW
    • 632010
500 -Uwaga ogólna [ , ]
    • a
    • Uwaga ogólna (NP)
    • Die Erstausg. der "Studien zur Philosophie Walter Benjamin" erschein 1965.
080 -Uniwersalna Klasyfikacja Dziesiętna [ , ]
    • a
    • Symbol klasyfikacji
    • 830(091)"19"Benjamin W.=30
080 -Uniwersalna Klasyfikacja Dziesiętna [ , ]
    • a
    • Symbol klasyfikacji
    • :82.03=30
980 -Symbol UKD [ , ]
    • a
    • UKD
    • 830(091)"19"Benjamin W.:82.03]=30
700 -Hasło dodatkowe - nazwa osobowa [1, ]
    • a
    • Nazwa osobowa (NP)
    • Adorno, Theodor W. Find
    • d
    • Daty biograficzne (NP)
    • (1903-1969).
    • e
    • Określenie rodzaju współpracy
    • Przedm.
    • 9
    • KHW
    • 20073
710 -Hasło dodatkowe - nazwa ciała zbiorowego [2, ]
    • a
    • Nazwa ciała zbiorowego lub nazwa geograficzna jako pierwszy element (NP)
    • Edition Text + Kritik.
    • 4
    • Kod relacji
    • pbl
    • 9
    • KHW
    • 404697
920 -ISBN [ , ]
    • a
    • ISBN
    • 3-88377-708-0 Find
Numer inwentarzowy Status udost. Lokalizacja Data inwentaryzacji Sygnatura
G.17285-3BM2004-05-26Germ. Literaturozn.-Benjamin 06